Landen met het Laagste Hoogste Punt - Statistieken

Algemene statistieken
  • Deze quiz is 1.264 keer genomen
  • De gemiddelde score is 11 van 20
Antwoordstatistieken
m Continent Land % Correct
5 Oceanië Tuvalu
79%
71 Oceanië Nauru
70%
75 Europa Vaticaanstad
68%
171 Europa Denemarken
67%
161 Europa Monaco
67%
242 Oceanië Palau
67%
10 Oceanië Marshalleilanden
65%
81 Oceanië Kiribati
64%
318 Europa Estland
59%
312 Europa Letland
58%
253 Europa Malta
58%
294 Europa Litouwen
57%
5 Azië Maldiven
55%
164 Azië Singapore
53%
63 Noord-Amerika Bahama's
50%
103 Azië Qatar
50%
122 Azië Bahrein
49%
306 Azië Koeweit
42%
64 Afrika Gambia
37%
300 Afrika Guinee-Bissau
22%
Geen overeenkomende quizzen gevonden
Scoreverdeling
Procent van Mensen met Elke Score
Percentiel versus Aantal Correcte Antwoorden
Uw Scoregeschiedenis
U heeft deze quiz nog niet genomen